000 01400nam a2200337 i 4500
003 EG-GICUC
005 20260122151331.0
008 260122s1977 ua ad||fr|||| 00| 0 ara d
040 _a EG-GICUC
_bara
_c EG-GICUC
_d EG-GICUC
_erda
041 0 _aara
082 0 4 _221
_a345
_bف ه . ا
092 0 4 _221
099 _aLaw1 07 345 ف ه . ا 1977
100 0 _aفهمي محمود شكري
_eمترجم.
245 1 2 _aالاتجاهات الحديثة لاستخدام الموازنة :
_bالمدخل الإداري للموازنة /
_cعرض وترجمة أ. فهمي محمود شكري .
264 1 _aالقاهرة :
_bالمنظمة العربية للعلوم الإدارية ،
_c1977 .
300 _a63 ؛ صفحة
_bإيضاحيات، جداول ؛
_c24 سم.
336 _2rda content
_atext
337 _2rda media
_aComputer
338 _2rda carrier
_aOnline Resource
490 _aسلسلة الفكر الإداري المعاصر
_v10
500 _aThe Management Approach to Budgeting By Frank P. Sherwood
504 _a ببليوجرافيا: صفحة 5.
546 _aالنص باللغة العربية
650 1 4 _aالقانون الإداري
_2qrmak
651 1 _2qrmak
830 _aسلسلة الفكر الإداري المعاصر
_v10
856 4 0 _uhttps://fll.law.cu.edu.eg/fulltext/bks/B07-00056.pdf
905 _a61
942 _2ddc
_cBK
_e21
_n0
999 _c58675
_d58675